| 000 | 00605nam a2200205Ia 4500 | ||
|---|---|---|---|
| 008 | 140110s9999 xx 000 0 und d | ||
| 020 |
_a9780070648210 _cRs.225.00 |
||
| 040 | _aLoreto College | ||
| 041 | _aEnglish | ||
| 082 |
_a005.13(C)/VEN _bLCLIB/47387 |
||
| 100 | _aVenugopal,K.R. | ||
| 245 |
_aProblems and solutions in C++ _cK.R.Venugopal and N.Chandrakant |
||
| 260 |
_aNew Delhi _bTata McGraw-Hill _c2008 |
||
| 300 |
_axii,237p _c22cm |
||
| 650 | _aC++ Programming language | ||
| 651 | _aProgramming languages | ||
| 700 | _aChandrakant, N. | ||
| 850 | _aLCLIB/005.13(C)/VEN | ||
| 942 | _cBK | ||
| 999 |
_c35863 _d86342 |
||